[Event "Rated Blitz game"]
[Site "?"]
[Date "2021.07.02"]
[Round "?"]
[White "makeouthiillll"]
[Black "KamranShirazi"]
[Result "1/2-1/2"]
[WhiteElo "2596"]
[BlackElo "2532"]
[PlyCount "113"]
[EventDate "2021.??.??"]
[EventType "blitz"]

1. e4 e5 2. Nf3 d5 3. Nxe5 Bd6 4. d4 dxe4 5. Bc4 Bxe5 6. Qh5 Qe7 7. Qxe5 Qxe5
8. dxe5 Nc6 9. Nc3 Nxe5 10. Bb3 Bf5 11. Bf4 f6 12. O-O-O Ne7 13. Nb5 Rc8 14.
Nxa7 Rd8 15. Rxd8+ Kxd8 16. Rd1+ Nd7 17. Nb5 c6 18. Nd6 Bg6 19. Nxb7+ Kc8 20.
Nd6+ Kd8 21. Be6 Nd5 22. Bxd5 cxd5 23. Rxd5 Ke7 24. a4 Nb6 25. Rd4 Ra8 26. b3
Ke6 27. Nxe4 Bxe4 28. Rxe4+ Kf5 29. Rb4 Nd5 30. Rb5 Ke4 31. Bd2 Rd8 32. a5 Nc7
33. Rb7 Na6 34. Rb6 Nc5 35. b4 Na4 36. Rb7 Ra8 37. Rxg7 h5 38. c4 Kd3 39. b5
Kxc4 40. b6 Nc5 41. b7 Rb8 42. Rc7 Rxb7 43. Rxb7 Nxb7 44. a6 Nc5 45. a7 Nb3+
46. Kc2 Nd4+ 47. Kb2 Nf3 48. gxf3 Kd3 49. a8=Q Ke2 50. Qe4+ Kf1 51. Qf5 h4 52.
Qxf6 h3 53. Qh4 Kg2 54. Qg3+ Kh1 55. Qxh3 Kg1 56. Qg3+ Kh1 57. h4 {Normal}
1/2-1/2

[Event "Rated Blitz game"]
[Site "?"]
[Date "2021.07.02"]
[Round "?"]
[White "Swordoftheword16"]
[Black "ferricerve"]
[Result "1-0"]
[WhiteElo "2552"]
[BlackElo "2523"]
[PlyCount "70"]
[EventDate "2021.??.??"]
[EventType "blitz"]

1. e4 e5 2. Nf3 d5 3. exd5 e4 4. Qe2 Nf6 5. Nc3 Be7 6. Nxe4 O-O 7. d3 Nxd5 8.
Bd2 f5 9. Nc3 Bf6 10. Nxd5 Qxd5 11. d4 Be6 12. c4 Qd7 13. d5 Bf7 14. O-O-O b5
15. Ne5 Bxe5 16. Qxe5 Re8 17. Qg3 bxc4 18. Bc3 Bg6 19. Bxc4 Qa4 20. Bb3 Qe4 21.
Rhe1 f4 22. Rxe4 fxg3 23. d6+ Kh8 24. Re7 Rxe7 25. dxe7 Nc6 26. hxg3 Nxe7 27.
Rd7 Re8 28. Rxc7 a5 29. Ba4 Rf8 30. Rxe7 Rxf2 31. Bxg7+ Kg8 32. Bb3+ Bf7 33.
Rxf7 Rxf7 34. Bxf7+ Kxf7 35. Bc3 a4 {Normal} 1-0

[Event "Rated Blitz game"]
[Site "?"]
[Date "2021.07.02"]
[Round "?"]
[White "Principatibus"]
[Black "Polyclinical"]
[Result "0-1"]
[WhiteElo "2667"]
[BlackElo "2830"]
[PlyCount "88"]
[EventDate "2021.??.??"]
[EventType "blitz"]

1. e4 e5 2. Nf3 d5 3. exd5 e4 4. Qe2 Qe7 5. Nd4 Nf6 6. Nc3 Qe5 7. Ndb5 Bd6 8.
d4 Qe7 9. Nxd6+ cxd6 10. Bg5 Nbd7 11. O-O-O h6 12. Bh4 O-O 13. f3 e3 14. Re1
Re8 15. g4 Qd8 16. g5 Nh7 17. g6 Qxh4 18. gxh7+ Kh8 19. Ne4 Qf4 20. Kb1 Nb6 21.
c4 Rxe4 22. fxe4 Qxe4+ 23. Ka1 Qxh1 24. Qxe3 Bf5 25. Qf2 Be4 26. Bd3 Qf3 27.
Qxf3 Bxf3 28. Re7 Nxd5 29. cxd5 Bxd5 30. h4 g6 31. b3 Rd8 32. Bc4 Bxc4 33. bxc4
Rf8 34. Rxb7 f5 35. c5 f4 36. cxd6 f3 37. Rb1 g5 38. hxg5 hxg5 39. d7 g4 40.
Kb2 f2 41. Rc1 g3 42. Rc8 f1=Q 43. d8=Q Rxd8 44. Rxd8+ Kxh7 {Normal} 0-1

[Event "Rated Blitz game"]
[Site "?"]
[Date "2021.07.02"]
[Round "?"]
[White "Belsky_Vladislav"]
[Black "KinzyabulatovRenat"]
[Result "0-1"]
[WhiteElo "2432"]
[BlackElo "2437"]
[PlyCount "28"]
[EventDate "2021.??.??"]
[EventType "blitz"]

1. e4 e5 2. Nf3 d5 3. exd5 e4 4. Qe2 Nf6 5. c4 Be7 6. Nc3 exf3 7. gxf3 O-O 8.
d3 Re8 9. Be3 c6 10. dxc6 Nxc6 11. O-O-O Nd4 12. Bxd4 Qxd4 13. Rg1 Bf5 14. Ne4
Bg6 {Normal} 0-1

[Event "Rated Blitz game"]
[Site "?"]
[Date "2021.07.02"]
[Round "?"]
[White "MirkoMK888"]
[Black "ahoramahora"]
[Result "0-1"]
[WhiteElo "2464"]
[BlackElo "2343"]
[PlyCount "116"]
[EventDate "2021.??.??"]
[EventType "blitz"]

1. e4 e5 2. Nf3 d5 3. exd5 e4 4. Nd4 Qxd5 5. Nb3 Qe5 6. Be2 Nf6 7. h3 Bd6 8. d4
exd3 9. Qxd3 Bf5 10. Qd1 Nc6 11. Nc3 O-O-O 12. f4 Qe7 13. O-O Bc5+ 14. Kh1 Rxd1
15. Rxd1 Bb4 16. Bf3 Bxc2 17. Rf1 Bxc3 18. bxc3 Bxb3 19. axb3 Kb8 20. Ba3 Qd7
21. Bc5 Re8 22. Rfd1 Qf5 23. b4 Ne4 24. Bd4 Nxd4 25. Rxd4 Nxc3 26. Rc1 Nb5 27.
Rdd1 h5 28. Rc5 Qxf4 29. Rxb5 b6 30. Rxh5 Qxb4 31. Rhd5 Re1+ 32. Rxe1 Qxe1+ 33.
Kh2 Qe7 34. Rh5 Qd6+ 35. Kh1 Qd8 36. Rd5 Qe8 37. Rd1 a5 38. h4 g6 39. Kg1 Qe3+
40. Kf1 Qe7 41. Re1 Qd8 42. Rd1 Qe8 43. Re1 Qb5+ 44. Kg1 Qc5+ 45. Kh1 Ka7 46.
Re8 c6 47. Rd8 a4 48. Rd7+ Ka6 49. Rxf7 a3 50. Rf6 a2 51. Rxc6 Qxc6 52. Bxc6
a1=Q+ 53. Kh2 Qe5+ 54. Kh1 Qe1+ 55. Kh2 Qxh4+ 56. Kg1 Qd4+ 57. Kh1 Qd6 58. Bf3
g5 {Normal} 0-1

[Event "Rated Blitz game"]
[Site "?"]
[Date "2021.07.02"]
[Round "?"]
[White "Alexis_Emil_Maribao"]
[Black "KinzyabulatovRenat"]
[Result "1-0"]
[WhiteElo "2456"]
[BlackElo "2449"]
[PlyCount "115"]
[EventDate "2021.??.??"]
[EventType "blitz"]

1. e4 e5 2. Nf3 d5 3. exd5 e4 4. Qe2 Nf6 5. Nc3 Be7 6. Nxe4 Nxd5 7. d4 O-O 8.
Qd1 Re8 9. Bd3 Bb4+ 10. c3 f5 11. Bg5 Be7 12. O-O fxe4 13. Bxe4 h6 14. Bxe7
Rxe7 15. Qd3 Nf6 16. Bg6 c5 17. Rfe1 cxd4 18. Nxd4 Nc6 19. Qc4+ Kh8 20. Nxc6
bxc6 21. Rad1 Rxe1+ 22. Rxe1 Qd5 23. Qb4 Bf5 24. Bxf5 Qxf5 25. h3 Qb5 26. Qa3
a5 27. b3 a4 28. Re7 c5 29. Re5 Rc8 30. bxa4 Qc4 31. a5 Ra8 32. Rxc5 Qe4 33.
Qc1 Qa4 34. Qb2 Rxa5 35. Rc8+ Ng8 36. Qb8 Qxa2 37. c4 Qa1+ 38. Kh2 Qe5+ 39.
Qxe5 Rxe5 40. Kg3 Kh7 41. Kf4 Re2 42. Kf3 Rc2 43. g4 Ne7 44. Rc7 Ng6 45. Kg3
Ne5 46. c5 Nd3 47. f3 Rxc5 48. Rd7 Ne5 49. Re7 Ng6 50. Rb7 Rc3 51. Rf7 Ra3 52.
h4 Ne5 53. Rf5 Nxf3 54. Rxf3 Rxf3+ 55. Kxf3 Kg6 56. Ke4 Kf6 57. h5 g5 58. Kd5 {
Time forfeit} 1-0

[Event "Rated Blitz tournament XjiNz1pt"]
[Site "?"]
[Date "2021.07.02"]
[Round "?"]
[White "Zhigalko_Sergei"]
[Black "Fantastic_power06"]
[Result "0-1"]
[WhiteElo "2838"]
[BlackElo "2621"]
[PlyCount "46"]
[EventDate "2021.??.??"]
[EventType "blitz"]

1. e4 e5 2. Nf3 d5 3. exd5 e4 4. Qe2 Nf6 5. Nc3 Be7 6. Nxe4 O-O 7. Nxf6+ Bxf6
8. d4 Qxd5 9. c3 Bg4 10. h3 Bh5 11. Be3 Nc6 12. g4 Bg6 13. g5 Be7 14. Bg2 Rae8
15. Nh4 Be4 16. Qg4 Bxg2 17. Qxg2 Qb5 18. O-O-O Na5 19. Rd2 Nc4 20. Re2 Nxb2
21. g6 Qxe2 22. gxh7+ Kh8 23. Rg1 Nd3+ {Normal} 0-1

[Event "Rated Blitz game"]
[Site "?"]
[Date "2021.07.02"]
[Round "?"]
[White "Jano83"]
[Black "KinzyabulatovRenat"]
[Result "0-1"]
[WhiteElo "2468"]
[BlackElo "2424"]
[PlyCount "98"]
[EventDate "2021.??.??"]
[EventType "blitz"]

1. e4 e5 2. Nf3 d5 3. Nxe5 Bd6 4. d4 dxe4 5. Nc4 Be7 6. Be2 Nf6 7. O-O Nc6 8.
d5 Qxd5 9. Nc3 Qxd1 10. Rxd1 O-O 11. Bg5 Re8 12. h3 a6 13. Rd2 Bf5 14. Ne3 Bg6
15. Rad1 h6 16. Bf4 Rac8 17. a3 Bc5 18. b4 Bb6 19. g4 Rcd8 20. Kg2 Nd4 21. Bc4
c5 22. Ncd5 Nxd5 23. Nxd5 Ba7 24. c3 Ne6 25. Bc7 Nxc7 26. Nxc7 Rxd2 27. Rxd2
Rc8 28. Rd7 cxb4 29. cxb4 Bb8 30. Nd5 Rxc4 31. Rd8+ Kh7 32. Rxb8 Rd4 33. Ne3 b5
34. Rb6 Rd3 35. Rxa6 h5 36. g5 h4 37. a4 bxa4 38. Rxa4 Bh5 39. b5 Bf3+ 40. Kf1
Rb3 41. Ke1 Rxb5 42. Kd2 Rxg5 43. Kc3 f5 44. Kd4 f4 45. Nd5 Rf5 46. Ra7 e3 47.
Ne7 e2 48. Nxf5 e1=Q 49. Rxg7+ Kh8 {Time forfeit} 0-1

[Event "Rated Blitz game"]
[Site "?"]
[Date "2021.07.02"]
[Round "?"]
[White "EnesYusufKamis34"]
[Black "ahoramahora"]
[Result "1-0"]
[WhiteElo "2427"]
[BlackElo "2344"]
[PlyCount "29"]
[EventDate "2021.??.??"]
[EventType "blitz"]

1. e4 e5 2. Nf3 d5 3. exd5 e4 4. Qe2 Nf6 5. d3 Qxd5 6. Nbd2 Nc6 7. Nxe4 Be6 8.
Nxf6+ gxf6 9. Qe4 Qd7 10. Be2 O-O-O 11. Be3 Bd5 12. Qa4 Kb8 13. O-O-O Nb4 14.
Qxa7+ Kc8 15. Qa8# {Normal} 1-0

[Event "Rated Blitz game"]
[Site "?"]
[Date "2021.07.02"]
[Round "?"]
[White "ilkernadi"]
[Black "KinzyabulatovRenat"]
[Result "0-1"]
[WhiteElo "2472"]
[BlackElo "2451"]
[PlyCount "70"]
[EventDate "2021.??.??"]
[EventType "blitz"]

1. e4 e5 2. Nf3 d5 3. exd5 e4 4. Ne5 Nf6 5. c4 Bd6 6. d4 O-O 7. Nc3 Re8 8. Bf4
Nbd7 9. Nxd7 Bxf4 10. Nxf6+ Qxf6 11. Be2 e3 12. O-O exf2+ 13. Rxf2 Be3 14. Bf3
Bxd4 15. Qd2 Bd7 16. Kh1 Bxf2 17. Qxf2 Bg4 18. Qg3 Bxf3 19. gxf3 Qd4 20. Rg1 g6
21. Qxc7 Qd3 22. Qf4 Re3 23. Kg2 Rae8 24. Ne4 R8xe4 25. fxe4 Rxe4 26. Qg3 Re3
27. Qf4 Qe2+ 28. Kh1 Rf3 29. Qg4 h5 30. Qg2 Rf2 31. Qg3 Qe4+ 32. Qg2 Rxg2 33.
Rxg2 Qxc4 34. d6 Qd5 35. h4 Qxd6 {Normal} 0-1

[Event "Rated Blitz game"]
[Site "?"]
[Date "2021.07.02"]
[Round "?"]
[White "Jjjf"]
[Black "KinzyabulatovRenat"]
[Result "1-0"]
[WhiteElo "2540"]
[BlackElo "2442"]
[PlyCount "69"]
[EventDate "2021.??.??"]
[EventType "blitz"]

1. e4 e5 2. Nf3 d5 3. Nxe5 Bd6 4. d4 dxe4 5. Bc4 Bxe5 6. Qh5 Qe7 7. dxe5 Be6 8.
Bxe6 Qxe6 9. Nc3 Nc6 10. Bf4 O-O-O 11. O-O Nge7 12. Nxe4 Ng6 13. Bg3 Ngxe5 14.
Nc5 Qd5 15. Qf5+ Kb8 16. Nb3 Nc4 17. Qg4 f5 18. Qxg7 f4 19. Bxf4 Rhg8 20. Qxc7+
Ka8 21. Bg3 Rd7 22. Qf4 Rf7 23. Qh4 Nxb2 24. Rab1 Na4 25. Qxa4 h5 26. Rfd1 Qg5
27. Qh4 Qh6 28. Nc5 Rfg7 29. Rd6 Qh7 30. Rbd1 a6 31. Rxc6 bxc6 32. Qa4 Rxg3 33.
Qxc6+ Kb8 34. Rb1+ Ka7 35. Rb7+ {Normal} 1-0

[Event "Rated Blitz game"]
[Site "?"]
[Date "2021.07.02"]
[Round "?"]
[White "makeouthiillll"]
[Black "KamranShirazi"]
[Result "1-0"]
[WhiteElo "2586"]
[BlackElo "2541"]
[PlyCount "91"]
[EventDate "2021.??.??"]
[EventType "blitz"]

1. e4 e5 2. Nf3 d5 3. exd5 e4 4. Qe2 Nf6 5. d3 Bb4+ 6. c3 O-O 7. dxe4 Bc5 8.
Bg5 c6 9. dxc6 Nxc6 10. Nbd2 Bg4 11. O-O-O Qb6 12. h3 Bh5 13. g4 Bg6 14. Nh4
Bxf2 15. Nxg6 hxg6 16. e5 Rfe8 17. Nc4 Qc5 18. b4 Qb5 19. Qxf2 Nxe5 20. Nxe5
Qxe5 21. Bxf6 gxf6 22. Kc2 Rac8 23. Qd4 Qg3 24. Bc4 Re3 25. Rhf1 Rc6 26. Rxf6
Rxc3+ 27. Qxc3 Qxc3+ 28. Kxc3 Rxf6 29. Rd7 Rf4 30. Rxb7 Rf3+ 31. Kd4 Rxh3 32.
Rxf7 Rh4 33. Rf4+ Kg7 34. a4 g5 35. Re4 Kf6 36. b5 Rh1 37. Re2 Ra1 38. Ra2 Rd1+
39. Kc5 Rg1 40. a5 Rxg4 41. b6 axb6+ 42. axb6 Rg1 43. b7 Rb1 44. Bb5 Rc1+ 45.
Kb6 Rc8 46. bxc8=Q {Normal} 1-0

[Event "Rated Blitz game"]
[Site "?"]
[Date "2021.07.02"]
[Round "?"]
[White "emiliooo"]
[Black "Razario90"]
[Result "1-0"]
[WhiteElo "2574"]
[BlackElo "2401"]
[PlyCount "33"]
[EventDate "2021.??.??"]
[EventType "blitz"]

1. e4 e5 2. Nf3 d5 3. Nxe5 Bd6 4. d4 dxe4 5. Nc4 Nf6 6. Nc3 O-O 7. Be2 Re8 8.
Bg5 Nc6 9. Qd2 h6 10. h4 hxg5 11. hxg5 e3 12. Nxe3 Bf4 13. gxf6 Qxd4 14. Qxd4
Nxd4 15. O-O-O Nxe2+ 16. Nxe2 Bg4 17. Nxf4 {Normal} 1-0

[Event "Rated Blitz tournament y9Zsnsmd"]
[Site "?"]
[Date "2021.07.02"]
[Round "?"]
[White "pryanshumanishpatil"]
[Black "manishkumar"]
[Result "1-0"]
[WhiteElo "2403"]
[BlackElo "2226"]
[PlyCount "65"]
[EventDate "2021.??.??"]
[EventType "blitz"]

1. e4 e5 2. Nf3 d5 3. Nc3 d4 4. Nb1 Nc6 5. c3 Bc5 6. d3 Nf6 7. Be2 O-O 8. O-O
a5 9. a3 Bg4 10. b4 axb4 11. cxb4 Bxb4 12. Nbd2 Bc3 13. Rb1 Ra7 14. Nc4 Na5 15.
Ncxe5 Be6 16. Ng5 Ba2 17. Rb5 c6 18. Rc5 Qd6 19. Rxa5 Bxa5 20. Bf4 Qxa3 21. Bg3
Bb3 22. Qb1 Bc3 23. f4 Rfa8 24. f5 Bd2 25. Ngf3 Be3+ 26. Kh1 Qc5 27. Qxb3 b5
28. Bh4 Nh5 29. Nxf7 Rxf7 30. Ng5 Raa7 31. Nxf7 Nf4 32. Nh6+ Kf8 33. Qg8# {
Normal} 1-0

[Event "Rated Blitz game"]
[Site "?"]
[Date "2021.07.02"]
[Round "?"]
[White "Adeeel"]
[Black "KinzyabulatovRenat"]
[Result "0-1"]
[WhiteElo "2464"]
[BlackElo "2452"]
[PlyCount "56"]
[EventDate "2021.??.??"]
[EventType "blitz"]

1. e4 e5 2. Nf3 d5 3. exd5 e4 4. Qe2 Nf6 5. d3 Qxd5 6. dxe4 Qxe4 7. Nc3 Bb4 8.
Bd2 Qe6 9. O-O-O O-O 10. Nd4 Qxe2 11. Bxe2 Bd7 12. Bg5 Bxc3 13. Bxf6 Bxb2+ 14.
Kxb2 gxf6 15. Rd3 Nc6 16. Rg3+ Kh8 17. Nb5 Rac8 18. Rd1 Be6 19. Bf3 Ne5 20. Be4
f5 21. Bd5 Bxd5 22. Rxd5 Nc4+ 23. Kc3 c6 24. Kxc4 cxd5+ 25. Kxd5 Rfd8+ 26. Ke5
Rc5+ 27. Kf6 Rxb5 28. Ke7 Rg8 {Normal} 0-1

[Event "Rated Blitz game"]
[Site "?"]
[Date "2021.07.02"]
[Round "?"]
[White "quicksilver2"]
[Black "Schachelite"]
[Result "1-0"]
[WhiteElo "2413"]
[BlackElo "2490"]
[PlyCount "41"]
[EventDate "2021.??.??"]
[EventType "blitz"]

1. e4 e5 2. Nf3 d5 3. Nxe5 Bd6 4. d4 dxe4 5. Nc4 Nf6 6. Nxd6+ Qxd6 7. Be2 Nc6
8. Be3 Bf5 9. c3 O-O-O 10. Nd2 h5 11. Qa4 Kb8 12. Nc4 Qe6 13. O-O-O Nd5 14. h3
Nxe3 15. Nxe3 Bg6 16. d5 Qf6 17. dxc6 Qxf2 18. Nc4 Qxe2 19. Qb5 b6 20. Qa6 e3
21. Qb7# {Normal} 1-0

[Event "Rated Blitz game"]
[Site "?"]
[Date "2021.07.02"]
[Round "?"]
[White "jcmesafischer"]
[Black "KinzyabulatovRenat"]
[Result "1-0"]
[WhiteElo "2436"]
[BlackElo "2418"]
[PlyCount "127"]
[EventDate "2021.??.??"]
[EventType "blitz"]

1. e4 e5 2. Nf3 d5 3. exd5 e4 4. Qe2 Nf6 5. d3 Qxd5 6. Nc3 Bb4 7. Bd2 Bxc3 8.
Bxc3 O-O 9. Bxf6 exf3 10. Qe5 Qxe5+ 11. Bxe5 Re8 12. d4 f6 13. Bc4+ Be6 14.
Bxe6+ Rxe6 15. O-O-O fxe5 16. dxe5 Nc6 17. Rd7 Re7 18. Rxe7 Nxe7 19. gxf3 Ng6
20. f4 Nxf4 21. Rd1 Re8 22. Rd7 Ne6 23. f4 Kf8 24. f5 Nf4 25. e6 g6 26. Rxc7
gxf5 27. Rf7+ Kg8 28. Rxf5 Nxe6 29. Kd2 Kg7 30. Kc3 Kg6 31. Rd5 Re7 32. Kc4
Rc7+ 33. Kb3 h5 34. c4 b6 35. Kc3 h4 36. b4 Ng5 37. c5 bxc5 38. bxc5 Nf3 39. h3
Ng5 40. Rd4 Kh5 41. Kc4 Nxh3 42. Kb5 Ng5 43. c6 h3 44. Rd7 Rc8 45. a4 h2 46.
Rd1 Nf3 47. Rh1 Kg4 48. Kc5 Kg3 49. Kd6 Nd4 50. c7 Nb3 51. Kd7 Rh8 52. c8=Q
Rxc8 53. Kxc8 a5 54. Kb7 Nd4 55. Kb6 Nb3 56. Kb5 Kg2 57. Rb1 h1=Q 58. Rxb3 Qh5+
59. Ka6 Kf2 60. Rb5 Qg6+ 61. Kxa5 Qg7 62. Rb6 Qc7 63. Ka6 Ke3 64. a5 {Time
forfeit} 1-0

[Event "Rated Blitz game"]
[Site "?"]
[Date "2021.07.02"]
[Round "?"]
[White "Jano83"]
[Black "rofaidah"]
[Result "1-0"]
[WhiteElo "2414"]
[BlackElo "2413"]
[PlyCount "89"]
[EventDate "2021.??.??"]
[EventType "blitz"]

1. e4 e5 2. Nf3 d5 3. Nxe5 Qe7 4. d4 f6 5. Nd3 dxe4 6. Nf4 Bf5 7. Nd5 Qd7 8. c4
Nc6 9. Nbc3 Nge7 10. Nxe7 Bxe7 11. d5 Ne5 12. Bf4 Nd3+ 13. Bxd3 exd3 14. O-O
O-O 15. Re1 Bb4 16. Qb3 Bxc3 17. Qxc3 Rae8 18. f3 c6 19. d6 h5 20. h4 b6 21. b4
c5 22. bxc5 bxc5 23. Qa5 Re2 24. Rxe2 dxe2 25. Qxc5 Re8 26. Re1 Kh7 27. Kf2 Qa4
28. Qxf5+ Kg8 29. Qd5+ Kh7 30. Qxh5+ Kg8 31. Qd5+ Kh7 32. Qd3+ Kg8 33. Rxe2
Rxe2+ 34. Qxe2 Qc6 35. Qe6+ Kh7 36. Qd5 Qb6+ 37. Kg3 Qg1 38. d7 Qe1+ 39. Kh3
Qh1+ 40. Bh2 g5 41. Qf5+ Kh6 42. hxg5+ fxg5 43. d8=Q g4+ 44. Qxg4 Qc1 45. Qh8#
{Normal} 1-0

[Event "Rated Blitz game"]
[Site "?"]
[Date "2021.07.02"]
[Round "?"]
[White "Kitty_2004"]
[Black "KamranShirazi"]
[Result "0-1"]
[WhiteElo "2384"]
[BlackElo "2558"]
[PlyCount "78"]
[EventDate "2021.??.??"]
[EventType "blitz"]

1. e4 e5 2. Nf3 d5 3. exd5 e4 4. Qe2 Nf6 5. d3 Bb4+ 6. Nc3 O-O 7. dxe4 Re8 8.
Be3 Nxe4 9. Qc4 Bxc3+ 10. bxc3 b5 11. Qd4 a6 12. Bd3 c5 13. dxc6 Nxc6 14. Qxd8
Nxd8 15. Bxe4 Rxe4 16. O-O-O Be6 17. Kb2 Ra4 18. a3 Nc6 19. Nd4 Na5 20. Nxe6
Nc4+ 21. Kb1 Nxa3+ 22. Kc1 Nc4 23. Kb1 fxe6 24. Bc5 b4 25. cxb4 a5 26. Rd4 axb4
27. Rxc4 Ra1+ 28. Kb2 Rxh1 29. Bxb4 Rxh2 30. Rg4 h5 31. Rg5 h4 32. Bc3 Ra7 33.
Bd4 Rb7+ 34. Kc3 h3 35. gxh3 Rxh3+ 36. Kd2 Rd7 37. c3 Rf3 38. Ke2 Rf5 39. Rg6
e5 {Normal} 0-1

[Event "Rated Blitz game"]
[Site "?"]
[Date "2021.07.02"]
[Round "?"]
[White "bingo95"]
[Black "Polyclinical"]
[Result "0-1"]
[WhiteElo "2603"]
[BlackElo "2835"]
[PlyCount "76"]
[EventDate "2021.??.??"]
[EventType "blitz"]

1. e4 e5 2. Nf3 d5 3. exd5 e4 4. Qe2 Qe7 5. Nd4 Nf6 6. Nc3 Qe5 7. Nb3 Bd6 8. d3
exd3 9. Qxe5+ Bxe5 10. Bxd3 O-O 11. O-O Bxc3 12. bxc3 Nxd5 13. c4 Nb4 14. Bf4
N8a6 15. c5 Nxd3 16. cxd3 Be6 17. d4 Rfd8 18. Rfd1 Rd7 19. Na5 b6 20. cxb6 axb6
21. Nb3 Nb4 22. h3 h6 23. g4 Rxa2 24. Rxa2 Nxa2 25. Na1 Nc3 26. Re1 c5 27. dxc5
bxc5 28. Nc2 Bb3 29. Ne3 c4 30. Kh2 Na2 31. Nf5 c3 32. Re8+ Kh7 33. Rc8 c2 34.
Be3 Rd1 35. Rb8 c1=Q 36. Bxc1 Nxc1 37. Rb7 Bd5 38. Rb1 Rh1+ {Normal} 0-1

[Event "Rated Blitz game"]
[Site "?"]
[Date "2021.07.02"]
[Round "?"]
[White "TripleRecalentador"]
[Black "KinzyabulatovRenat"]
[Result "0-1"]
[WhiteElo "2440"]
[BlackElo "2412"]
[PlyCount "76"]
[EventDate "2021.??.??"]
[EventType "blitz"]

1. e4 e5 2. Nf3 d5 3. Nxe5 Bd6 4. d4 dxe4 5. Nc4 Be7 6. Nc3 Nf6 7. Bg5 O-O 8.
Be2 Nc6 9. Be3 Nb4 10. O-O Bf5 11. Ne5 c6 12. Qd2 a5 13. Rad1 Re8 14. Bc4 Nbd5
15. f3 b5 16. fxe4 Bxe4 17. Nxc6 Qd7 18. Nxe7+ Rxe7 19. Nxd5 Nxd5 20. Bxd5 Bxd5
21. Bf4 Re4 22. Rde1 Rae8 23. Be5 f6 24. Rxe4 Bxe4 25. Bg3 b4 26. c4 bxc3 27.
bxc3 Bd5 28. h3 Re4 29. Re1 Qe6 30. Rxe4 Qxe4 31. a3 a4 32. Kh2 h5 33. Qf2 g5
34. Bd6 Kf7 35. c4 Bxc4 36. Be5 f5 37. Qb2 Bd5 38. Qe2 Qxe2 {Normal} 0-1

[Event "Rated Blitz game"]
[Site "?"]
[Date "2021.07.02"]
[Round "?"]
[White "RNolte_1972"]
[Black "batasjon"]
[Result "1/2-1/2"]
[WhiteElo "2528"]
[BlackElo "2384"]
[PlyCount "77"]
[EventDate "2021.??.??"]
[EventType "blitz"]

1. e4 e5 2. Nf3 d5 3. exd5 e4 4. Qe2 Nf6 5. d3 Qxd5 6. Nbd2 Nc6 7. dxe4 Qe6 8.
c3 Bc5 9. Qc4 Qe7 10. Be2 O-O 11. O-O a6 12. Qd3 Be6 13. Qc2 Rfe8 14. Nb3 Ba7
15. Bg5 h6 16. Bh4 g5 17. Bg3 Nh5 18. Nfd4 Nxd4 19. Nxd4 Nxg3 20. hxg3 Bd7 21.
Bd3 c5 22. Nf5 Bxf5 23. exf5 b5 24. c4 b4 25. a3 a5 26. g4 Rad8 27. Rad1 Bb8
28. g3 Be5 29. Kg2 Qf6 30. axb4 axb4 31. b3 Bc3 32. Be4 Bd4 33. Bd5 Re7 34.
Rde1 Rde8 35. Rxe7 Qxe7 36. Qa2 Kg7 37. Qa6 Qf6 38. Qb7 Re2 39. Qd7 {Normal}
1/2-1/2

[Event "Rated Blitz game"]
[Site "?"]
[Date "2021.07.02"]
[Round "?"]
[White "Plmlgs99"]
[Black "KinzyabulatovRenat"]
[Result "1-0"]
[WhiteElo "2502"]
[BlackElo "2413"]
[PlyCount "89"]
[EventDate "2021.??.??"]
[EventType "blitz"]

1. e4 e5 2. Nf3 d5 3. d3 dxe4 4. dxe4 Qxd1+ 5. Kxd1 Nf6 6. Nbd2 Ng4 7. Ke2 Bc5
8. h3 Nxf2 9. Rh2 Nc6 10. g3 Nd4+ 11. Nxd4 Bxd4 12. c3 Bb6 13. Rxf2 Bxf2 14.
Kxf2 Be6 15. Bc4 Bxc4 16. Nxc4 f6 17. Ke2 O-O-O 18. a4 b6 19. a5 b5 20. Ne3 a6
21. Nf5 Rd7 22. Be3 Kb7 23. b4 Rhd8 24. Rc1 g6 25. Nh6 Rd3 26. Ng4 R3d6 27. Rf1
Rd3 28. Rxf6 Rxc3 29. Nxe5 Re8 30. Nd3 Rxe4 31. Nc5+ Rxc5 32. bxc5 c6 33. Rf7+
Kc8 34. Rxh7 Ra4 35. Rg7 Rxa5 36. Rxg6 Ra2+ 37. Kf3 Kb7 38. Rg7+ Kb8 39. h4 a5
40. h5 a4 41. h6 Rh2 42. h7 b4 43. g4 a3 44. Bf4+ Ka8 45. Bxh2 {Normal} 1-0

[Event "Rated Blitz game"]
[Site "?"]
[Date "2021.07.02"]
[Round "?"]
[White "Viageiro"]
[Black "Endgamegenious"]
[Result "1/2-1/2"]
[WhiteElo "2464"]
[BlackElo "2486"]
[PlyCount "126"]
[EventDate "2021.??.??"]
[EventType "blitz"]

1. e4 e5 2. Nf3 d5 3. Nxe5 Nf6 4. exd5 Qxd5 5. d4 Bb4+ 6. c3 Bd6 7. Bc4 Qxg2 8.
Qf3 Qxf3 9. Nxf3 O-O 10. Be3 Nc6 11. Nbd2 Ng4 12. O-O-O Bf5 13. h3 Nf6 14. Bg5
Ne4 15. Be3 Nxd2 16. Nxd2 Rac8 17. h4 a6 18. Rdg1 Rfe8 19. h5 b5 20. Bd5 Ne7
21. Bb3 c5 22. Bc2 b4 23. Nc4 Bc7 24. dxc5 bxc3 25. bxc3 Bxc2 26. Kxc2 Nf5 27.
Bd4 Re2+ 28. Kd3 Rxa2 29. Rg5 Nxd4 30. cxd4 Rxf2 31. Rhg1 g6 32. h6 Bf4 33. Rd5
Bxh6 34. Rd6 Bg7 35. Re1 h5 36. Nb6 Rc7 37. Nd5 Ra7 38. c6 h4 39. c7 Rxc7 40.
Nxc7 h3 41. Rh1 h2 42. Rd8+ Kh7 43. Ne8 g5 44. Nxg7 g4 45. Nh5 f5 46. Rf8 Kg6
47. Ng3 f4 48. Ne4 Rf3+ 49. Kc4 g3 50. d5 g2 51. Rg8+ Kf5 52. Nd6+ Ke5 53. Rxg2
Kxd6 54. Rhxh2 Re3 55. Rh6+ Ke7 56. Re6+ Rxe6 57. dxe6 Kxe6 58. Rg6+ Kf5 59.
Rxa6 Ke4 60. Re6+ Kf5 61. Re8 f3 62. Rf8+ Ke4 63. Rxf3 Kxf3 {Normal} 1/2-1/2

[Event "Rated Blitz game"]
[Site "?"]
[Date "2021.07.02"]
[Round "?"]
[White "hmnotanatix"]
[Black "KinzyabulatovRenat"]
[Result "1-0"]
[WhiteElo "2486"]
[BlackElo "2433"]
[PlyCount "31"]
[EventDate "2021.??.??"]
[EventType "blitz"]

1. e4 e5 2. Nf3 d5 3. exd5 e4 4. Qe2 Nf6 5. c4 Be7 6. Ng5 O-O 7. Nxe4 Re8 8.
Kd1 c6 9. Nbc3 Bf5 10. Nxf6+ Bxf6 11. Qf3 Qd7 12. h3 Na6 13. Bd3 Bxd3 14. Qxd3
Nc5 15. Qf3 Rad8 16. Qxf6 {Time forfeit} 1-0

[Event "Rated Blitz game"]
[Site "?"]
[Date "2021.07.02"]
[Round "?"]
[White "gholamreza"]
[Black "Ural10000"]
[Result "1-0"]
[WhiteElo "2514"]
[BlackElo "2347"]
[PlyCount "115"]
[EventDate "2021.??.??"]
[EventType "blitz"]

1. e4 e5 2. Nf3 d5 3. exd5 e4 4. Qe2 Nf6 5. d3 Qxd5 6. Nbd2 Bb4 7. c3 Be7 8.
Nxe4 Nxe4 9. dxe4 Qe6 10. Nd4 Qg6 11. h4 h5 12. g3 O-O 13. Bg2 Bg4 14. Qc2 c5
15. Nf5 Bxf5 16. exf5 Qd6 17. Bf4 Qd7 18. Rd1 Qc8 19. O-O Nc6 20. Rfe1 Bf6 21.
Bf3 Re8 22. Bxh5 Ne5 23. Re2 Qc6 24. Rde1 Nc4 25. b3 Nb6 26. Bf3 Rxe2 27. Qxe2
Qd7 28. Qc2 Re8 29. Rxe8+ Qxe8 30. Kg2 Qe7 31. Qd3 Nc8 32. Qe4 Qxe4 33. Bxe4 b6
34. c4 Ne7 35. g4 Bxh4 36. g5 g6 37. f6 Nf5 38. Bxf5 gxf5 39. Be3 Kh7 40. Kh3
f4 41. Kxh4 fxe3 42. fxe3 Kg6 43. Kg4 a6 44. e4 b5 45. e5 bxc4 46. bxc4 a5 47.
a4 Kh7 48. Kf5 Kg8 49. g6 Kf8 50. e6 fxe6+ 51. Kxe6 Ke8 52. g7 Kd8 53. g8=Q+
Kc7 54. Qa8 Kb6 55. Qd5 Ka6 56. Qxc5 Kb7 57. Qxa5 Kc6 58. Qb5+ {Time forfeit}
1-0

[Event "Rated Blitz game"]
[Site "?"]
[Date "2021.07.02"]
[Round "?"]
[White "opte17"]
[Black "KinzyabulatovRenat"]
[Result "1-0"]
[WhiteElo "2475"]
[BlackElo "2452"]
[PlyCount "43"]
[EventDate "2021.??.??"]
[EventType "blitz"]

1. e4 e5 2. Nf3 d5 3. exd5 e4 4. Qe2 Nf6 5. Nc3 Be7 6. Nxe4 Nxd5 7. d3 O-O 8.
Bd2 Re8 9. O-O-O f5 10. h4 fxe4 11. dxe4 Nb6 12. Bc3 Bd6 13. Ng5 Qe7 14. Qh5 h6
15. Qg6 Bf4+ 16. Kb1 Be6 17. Qh7+ Kf8 18. Qh8+ Bg8 19. Nh7+ Kf7 20. Qxg7+ Ke6
21. Qg4+ Kf7 22. Qxf4+ {Normal} 1-0